טוען...
Radical humanism : the philosophy of freedom and democracy /
| מחבר ראשי: | |
|---|---|
| פורמט: | Printed Book |
| שפה: | English |
| יצא לאור: |
Delhi:
Ajanta,
1983.
|
| נושאים: |
| LEADER | 00547 a2200157 4500 | ||
|---|---|---|---|
| 008 | 100208b ||||| |||| 00| 0 eng d | ||
| 082 | |a 144 | ||
| 100 | |a Tarkunde, V. M. | ||
| 245 | |a Radical humanism : |b the philosophy of freedom and democracy / | ||
| 260 | |b Ajanta, |a Delhi: |c 1983. | ||
| 650 | |a Humanism | ||
| 650 | |a Democracy | ||
| 650 | |a Politics and government | ||
| 942 | |c BK | ||
| 999 | |c 314138 |d 314138 | ||
| 952 | |0 0 |1 0 |2 ddc |4 0 |6 144_000000000000000_TAR_R |7 0 |9 360238 |a ECN |b ECN |c GEN |d 2010-09-07 |g 0.00 |i 4648 |l 0 |o 144 TAR/R |p ECN4648 |r 2010-09-07 |w 2010-09-07 |y BK | ||